Enjuiciamiento criminal (Record no. 136619)

MARC details
000 -LEADER
campo de control de longitud fija 00691nam a2200205 i 4500
001 - NÚMERO DE CONTROL
campo de control 136619
003 - IDENTIFICADOR DE NÚMERO DE CONTROL
campo de control ES-MaACL
005 - FECHA Y HORA DE LA ÚLTIMA TRANSACCIÓN
campo de control 20230906195201.0
007 - CAMPO FIJO DE DESCRIPCIÓN FÍSICA--INFORMACIÓN GENERAL
campo de control de longitud fija t|
008 - DATOS DE LONGITUD FIJA--INFORMACIÓN GENERAL
campo de control de longitud fija 070214s1962 sp r ||||1| spa d
100 0# - ENTRADA PRINCIPAL--NOMBRE DE PERSONA
Nombre de persona Sáez Jiménez, Jesús.
9 (RLIN) 101376
245 10 - MENCIÓN DEL TÍTULO
Título Enjuiciamiento criminal
Resto del título : comentarios prácticos a la L.E. Crim. referidos a la ley de urgencia /
Mención de responsabilidad, etc. Jesús Sáez Jiménez ; prólogo de Ginés Parra Jiménez.
260 ## - PUBLICACIÓN, DISTRIBUCIÓN, ETC.
Lugar de publicación, distribución, etc. Madrid :
Nombre del editor, distribuidor, etc. Santillana,
Fecha de publicación, distribución, etc. 1962.
300 ## - DESCRIPCIÓN FÍSICA
Extensión 1083 p. ;
Dimensiones 25 cm.
490 1# - MENCIÓN DE SERIE
Mención de serie Col. `la toga`
700 1# - ENTRADA AGREGADA--NOMBRE PERSONAL
Nombre de persona Parra Jiménez, Ginés.
9 (RLIN) 89246
830 0# - PUNTO DE ACCESO ADICIONAL DE SERIE-TÍTULO UNIFORME
Título uniforme Col. `la toga`
9 (RLIN) 220018
852 ## - LOCALIZACIÓN
Ubicación ES-MaACL
Número de control de estantería C-21905
Sublocalización o colección R.50659
Holdings
Estatus retirado Estado de pérdida Estado de daño No para préstamo Biblioteca de origen Biblioteca actual Ubicación en estantería Fecha de adquisición Fuente de adquisición Total de préstamos Signatura topográfica completa Código de barras Visto por última vez Precio de reemplazo Tipo de ítem Koha
        Biblioteca del Ateneo de Madrid Biblioteca del Ateneo de Madrid Galería 17/01/2008     C-21905 1142182 23/02/2023 23/02/2023 Libro impreso